000 00552nam a2200181 i 4500
001 78180
003 ES-MaACL
005 20230906173558.0
007 t|
008 041013s1934 xxk ||||1| eng d
100 1 _aHart, Liddell.
_961965
245 1 0 _aT. E. Lawrence
_b: in Arabia and after /
_cby Liddell Hart.
260 _aLondon :
_bJonathan Cape,
_c1934.
300 _a454 p., 18 lám., 2 map. ;
_c23 cm.
600 1 4 _aLawrence, T. E.
_9143370
650 4 _aGuerra mundial, 1914-1918-
_xCampañas-
_zArabia.
_9155391
852 _aES-MaACL
_jA-2652
999 _c78180
_d78180